000 00398nam a2200157Ia 4500
008 230524s9999 xx 000 0 und d
020 _a9788171990825
082 _a402.63
_bSIN
100 _aMehar Singh (Major
_934827
245 0 _aSSB Interviews
260 _aNEW DELHI
_bBright Pub
500 _aQuantity Number: 1
650 _aMiscellaneous
_91877
700 _a Retd)
_934828
942 _cBK
999 _c48544
_d48544